f1 quiz - Statistics

General Stats
  • This quiz has been taken 172 times
    160 since last reset
  • The average score is 4 of 9
Answer Stats
Question Answer % Correct
when did lewis hamilton debut on formula 1 2007
98%
what year did the miami grand prix started ? 2022
84%
who's contract got terminated with "immediate effect" nikita mazipin
80%
who has raced 349 times in f1 kimi
60%
how many corners are there in abu dhabi 16
36%
where was geroge russell born kings lynn
36%
who has earned a point in their debut ? zhou
27%
what driver will or could got to red bull in 2023 GAS
18%
what race is your favourite miami
0%
No matching quizzes found
Score Distribution
Percent of People with Each Score
Percentile by Number Answered
Your Score History
You have not taken this quiz since the last reset